|
|
|
|
| LEADER |
00000cam a22000004a 4500 |
| 001 |
musev2_45385 |
| 003 |
MdBmJHUP |
| 005 |
20230905044739.0 |
| 006 |
m o d |
| 007 |
cr||||||||nn|n |
| 008 |
010115s1995 inu o 00 0 eng d |
| 010 |
|
|
|z 94044961
|
| 020 |
|
|
|a 9780268088569
|
| 020 |
|
|
|z 9780268037147
|
| 035 |
|
|
|a (OCoLC)966841831
|
| 040 |
|
|
|a MdBmJHUP
|c MdBmJHUP
|
| 041 |
1 |
|
|a eng
|h lat
|
| 100 |
0 |
|
|a Thomas,
|c Aquinas, Saint,
|d 1225?-1274.
|
| 240 |
1 |
0 |
|a Quaestiones disputatae de malo.
|l English
|
| 245 |
1 |
0 |
|a On Evil /
|c St. Thomas Aquinas ; translated by Jean T. Oesterle.
|
| 264 |
|
1 |
|a Notre Dame, Ind. :
|b University of Notre Dame Press,
|c 1995.
|
| 264 |
|
3 |
|a Baltimore, Md. :
|b Project MUSE,
|c 2017
|
| 264 |
|
4 |
|c ©1995.
|
| 300 |
|
|
|a 1 online resource (576 pages).
|
| 336 |
|
|
|a text
|b txt
|2 rdacontent
|
| 337 |
|
|
|a computer
|b c
|2 rdamedia
|
| 338 |
|
|
|a online resource
|b cr
|2 rdacarrier
|
| 505 |
0 |
|
|a On evil -- On sins -- On the cause of sin -- On original sin -- On the punishment of original sin -- On human choice -- On venial sin -- On the capital vices -- On vainglory -- On envy -- On acedia -- On anger -- On avarice -- On gluttony -- On lust -- On the demons.
|
| 588 |
|
|
|a Description based on print version record.
|
| 650 |
1 |
7 |
|a Goed en kwaad.
|2 gtt
|
| 650 |
1 |
7 |
|a Zonde.
|2 gtt
|
| 650 |
|
7 |
|a Sin.
|2 fast
|0 (OCoLC)fst01119194
|
| 650 |
|
7 |
|a Good and evil.
|2 fast
|0 (OCoLC)fst00944894
|
| 650 |
|
7 |
|a PHILOSOPHY / Ethics & Moral Philosophy
|2 bisacsh
|
| 650 |
|
7 |
|a PHILOSOPHY
|x Metaphysics.
|2 bisacsh
|
| 650 |
|
6 |
|a Peche
|v Ouvrages avant 1800.
|
| 650 |
|
0 |
|a Sin
|v Early works to 1800.
|
| 650 |
|
0 |
|a Good and evil
|v Early works to 1800.
|
| 655 |
|
7 |
|a Early works.
|2 fast
|0 (OCoLC)fst01411636
|
| 655 |
|
7 |
|a Electronic books.
|2 local
|
| 700 |
1 |
|
|a Oesterle, Jean T.
|
| 710 |
2 |
|
|a Project Muse.
|e distributor
|
| 830 |
|
0 |
|a Book collections on Project MUSE.
|
| 856 |
4 |
0 |
|z Texto completo
|u https://projectmuse.uam.elogim.com/book/45385/
|
| 945 |
|
|
|a Project MUSE - Custom Collection
|
| 945 |
|
|
|a Project MUSE - Archive Complete Supplement V
|
| 945 |
|
|
|a Project MUSE - Archive Philosophy and Religion Supplement V
|